000 00373nam a22001577a 4500
003 MPLRDC
005 20220104124648.0
008 210129b ||||| |||| 00| 0 eng d
082 _a857.621 LDBL
100 _a罗登贝利著; 刘道捷译
245 _a星舰迷航记
_c
260 _a
_b科幻出版社
_c
300 _b
650 _a
942 _cBK
_o857.621 LDBL
999 _c21131
_d21121